| 000 | 00498nam a22001817a 4500 | ||
|---|---|---|---|
| 003 | OSt | ||
| 005 | 20151215130840.0 | ||
| 008 | 151215b xxu||||| |||| 00| 0 eng d | ||
| 020 | _a0226820319 | ||
| 040 | _cDDC. | ||
| 082 | _a375TYL 1949 | ||
| 100 |
_aTyler,W.Ralph. _96575 |
||
| 245 | _aBasic Principles of Curriculum and Instruction, | ||
| 260 |
_aChicago&London; _bThe University of Chicago Press. _c1949 |
||
| 300 |
_avi,128p; _bill: _c21cm |
||
| 648 |
_aCurriculum. _96576 |
||
| 942 |
_2ddc _cSLOAN |
||
| 999 |
_c2865 _d2865 |
||